00863 2200301 4500001002100000005001700021008004100038020001800079035002400097082001200121090001900133100001800152245011100170250001000281260003800291300003000329440003600359500002600395650003500421700001700456700000900473850001500482980001300497985000600510999001500516999001500531999001500546YOGYA-0209000003980920090227025517.0 ind  a979-3357-91-6 0010-020900000039809 a646.726 a646.726bAli M aALI, Iskandar aMenggempur ganggunan pada mata dengan tanaman obatcIskandar Ali; penyunting, Tety Yulia; ilustrator, Ucok aCet.5 aJakartabAgro Media Pustakac2007 aviii, 86 hlmbilusc23 cm aSehat dengan ramuan tradisional aBibliografi : hlm. 85 aMata - Perawatan dan kesehatan aYulia, Tetty aUcok aYOPDYOG(B) a20-10-07 a3 a07B0029933 a07B0029934 a07B0029935